000 00706nam a2200241 i 4500
001 000032130
003 DO-SdBNP
005 20230914143819.0
007 ta
008 110712s2011 mx 000 0 spa d
040 _aDO-SdBNP
_bspa
_cBNPHU
_erda
082 _bM669r
_222
100 _aMiolán, Ángel,
_d1912-2010
_943877
_eautor
245 1 3 _aLa revolución social frente a la tiranía de Trujillo. /
_cÁngel Miolán
264 _aSanto Domingo
_bNacional ,
_c2011
300 _a97 paginas. ;
_c24 cm.
336 _2rdacontent
_atexto
_btxt
337 _2rdamedia
_asin mediación
_bn
338 _2rdacarrier
_avolumen
_bnc
590 _aInventariado, 2023 / DG
910 _aDG
942 _2ddc
_cLBS1
999 _c54761
_d54761